Markets and authorites : (Record no. 743)

MARC details
000 -LEADER
fixed length control field 00994nam a22002777a 4500
001 - CONTROL NUMBER
control field 12665427
005 - DATE AND TIME OF LATEST TRANSACTION
control field 20231103092238.0
008 - FIXED-LENGTH DATA ELEMENTS--GENERAL INFORMATION
fixed length control field 231103b |||||||| |||| 00| 0 eng d
010 ## - LIBRARY OF CONGRESS CONTROL NUMBER
LC control number 2002020238
020 ## - INTERNATIONAL STANDARD BOOK NUMBER
International Standard Book Number 1840645911 (hbk. : alk. paper)
040 ## - CATALOGING SOURCE
Original cataloging agency DLC
Transcribing agency KMU
Modifying agency KMU
Description conventions rda
042 ## - AUTHENTICATION CODE
Authentication code pcc
050 00 - LIBRARY OF CONGRESS CALL NUMBER
Classification number HG 3881
Item number .M33345
245 00 - TITLE STATEMENT
Title Markets and authorites :
Remainder of title global finance and human choice /
Statement of responsibility, etc. edited by Jochen Lorentzen, Marcello de Cecco.
260 ## - PUBLICATION, DISTRIBUTION, ETC.
Place of publication, distribution, etc. Cheltenham, UK ;
-- Northampton, MA :
Name of publisher, distributor, etc. Edward Elgar,
Date of publication, distribution, etc. 2002.
300 ## - PHYSICAL DESCRIPTION
Extent ix, 168 p. :
Dimensions 24 cm.
Other physical details ill.;
500 ## - GENERAL NOTE
General note Includes bibliographical references and index.
650 #0 - SUBJECT ADDED ENTRY--TOPICAL TERM
Topical term or geographic name entry element International finance.
650 #0 - SUBJECT ADDED ENTRY--TOPICAL TERM
Topical term or geographic name entry element Markets.
Source of heading or term oclc
650 #0 - SUBJECT ADDED ENTRY--TOPICAL TERM
Topical term or geographic name entry element Speculation.
700 1# - ADDED ENTRY--PERSONAL NAME
Personal name Lorentzen, Jochen.
700 1# - ADDED ENTRY--PERSONAL NAME
Personal name De Cecco, Marcello.
906 ## - LOCAL DATA ELEMENT F, LDF (RLIN)
a 7
b cbc
c orignew
d 1
e ocip
f 20
g y-gencatlg
942 ## - ADDED ENTRY ELEMENTS (KOHA)
Source of classification or shelving scheme Library of Congress Classification
Koha item type Non-Fiction
Suppress in OPAC No
Holdings
Withdrawn status Lost status Source of classification or shelving scheme Damaged status Not for loan Collection Home library Current library Shelving location Date acquired Source of acquisition Total Checkouts Full call number Barcode Date last seen Price effective from Koha item type
    Library of Congress Classification     Non-fiction Kapasa Makasa University Kapasa Makasa University Open Access 03.11.2023 ZLS   HG 3881 Mar 300659 03.11.2023 03.11.2023 Non-Fiction